|
|
|
|
| LEADER |
02018nam a2200553 a 4500 |
| 001 |
nkc20122276867 |
| 003 |
CZ PrNK |
| 005 |
20120229082904.0 |
| 007 |
ta |
| 008 |
120213s2011 xr f 000 0 cze |
| 015 |
|
|
|a cnb002276867
|
| 020 |
|
|
|a 978-80-87278-80-2
|q (brož.)
|
| 035 |
|
|
|a (OCoLC)780139365
|
| 040 |
|
|
|a ABA001
|b cze
|
| 041 |
0 |
|
|a cze
|b eng
|b ger
|
| 043 |
|
|
|a e-gx---
|
| 045 |
|
|
|a v-w-
|
| 072 |
|
7 |
|a 37
|x Výchova a vzdělávání
|2 Konspekt
|9 22
|
| 080 |
|
|
|a 14(430)
|2 MRF
|
| 080 |
|
|
|a 37.013.73
|2 MRF
|
| 080 |
|
|
|a 001:316.344.3
|2 MRF
|
| 080 |
|
|
|a 37.0
|2 MRF
|
| 080 |
|
|
|a (430)
|2 MRF
|
| 080 |
|
|
|a (048.8)
|2 MRF
|
| 100 |
1 |
|
|a Somr, Miroslav,
|d 1931-
|7 jk01120424
|4 aut
|
| 245 |
1 |
0 |
|a Hegelova edukační teorie /
|c Miroslav Somr
|
| 260 |
|
|
|a České Budějovice :
|b Vysoká škola technická a ekonomická v Českých Budějovicích,
|c 2011
|
| 300 |
|
|
|a 151 s. ;
|c 21 cm
|
| 504 |
|
|
|a Obsahuje bibliografii a bibliografické odkazy
|
| 546 |
|
|
|a Anglické a německé resumé
|
| 600 |
1 |
7 |
|a Hegel, Georg Wilhelm Friedrich,
|d 1770-1831
|7 jn19990003303
|2 czenas
|
| 648 |
|
7 |
|a 18.-19. století
|7 ch757018
|2 czenas
|
| 650 |
0 |
7 |
|a německá filozofie
|7 ph123485
|y 18.-19. stol.
|2 czenas
|
| 650 |
0 |
7 |
|a filozofie výchovy
|7 ph120230
|z Německo
|y 18.-19. stol.
|2 czenas
|
| 650 |
0 |
7 |
|a vzdělanost
|7 ph127306
|2 czenas
|
| 650 |
0 |
7 |
|a vzdělávání
|7 ph127311
|2 czenas
|
| 650 |
0 |
7 |
|a vzdělávání
|7 ph127311
|z Německo
|y 18.-19. stol.
|2 czenas
|
| 650 |
0 |
9 |
|a German philosophy
|y 18th-19th centuries
|2 eczenas
|
| 650 |
0 |
9 |
|a philosophy of education
|z Germany
|y 18th-19th centuries
|2 eczenas
|
| 650 |
0 |
9 |
|a educational attainment
|2 eczenas
|
| 650 |
0 |
9 |
|a education
|2 eczenas
|
| 650 |
0 |
9 |
|a education
|z Germany
|y 18th-19th centuries
|2 eczenas
|
| 655 |
|
7 |
|a studie
|7 fd133597
|2 czenas
|
| 655 |
|
9 |
|a studies
|2 eczenas
|
| 910 |
2 |
|
|a BOA001
|b 2-1279.535
|
| 990 |
|
|
|a BK
|
| 995 |
|
|
|a 01
|
| 991 |
|
|
|b 201202
|c NOV
|e n
|
| 996 |
6 |
|
|b 2610501141
|c 2-1279.535
|l MZK
|r Sklad / do 1 hodiny
|n 2
|p p.v.
|w 001225692
|u 000010
|a 1
|e BOA001
|j MZK50
|s P
|